American People Quiz - Statistics

General Stats
  • This quiz has been taken 33 times
  • The average score is 13 of 20
Answer Stats
Picture Answer % Correct
Barack Obama
100%
Donald Trump
100%
George Washington
100%
Dwight D. Eisenhower
97%
Franklin D. Roosevelt
97%
Martin Luther King Jr.
97%
Richard Nixon
97%
Ronald Reagan
97%
Abraham Lincoln
93%
Neil Armstrong
87%
Robert E. Lee
70%
Frederick Douglass
57%
John Kerry
57%
John McCain
50%
George Custer
43%
Newt Gingrich
30%
John Paul Jones
17%
Meriwether Lewis
17%
William Clark
13%
Jim Bridger
0%
No matching quizzes found
Score Distribution
Percent of People with Each Score
Percentile by Number Answered
Your Score History
You have not taken this quiz